00000000nam 2200000zi 4500
0019.940106
003CaOODSP
00520250711151052
006m     o  d f      
007cr cn ||||||||
008240703t20242024qucbd   obs  f000 0 fre d
020 |a9780660726304
040 |aCaOODSP|bfre|erda|cCaOODSP
043 |an-cn---
0861 |aEn4-144/11-2024F-PDF
24500|aIndicateurs canadiens de durabilité de l'environnement : |baires conservées au Canada.
24630|aAires conservées au Canada
264 1|aGatineau (Québec) : |bEnvironnement et changement climatique Canada = Environment and Climate Change Canada, |cjuillet 2024.
264 4|c©2024
300 |a1 ressource en ligne (34 pages) : |bcartes, graphiques
336 |atexte|btxt|2rdacontent/fre
337 |ainformatique|bc|2rdamedia/fre
338 |aressource en ligne|bcr|2rdacarrier/fre
500 |aTitre de la couverture.
500 |aPublié aussi en anglais sous le titre : Canadian environmental sustainability indicators : Canada's conserved areas.
504 |aComprend des références bibliographiques.
520 |a« Les aires conservées préservent la biodiversité pour les générations présentes et futures en réduisant les pressions exercées par les activités humaines. Elles offrent aussi aux gens la possibilité d'entrer en contact avec la nature. Les aires conservées comprennent les aires protégées et d'autres mesures de conservation efficaces par zone (AMCEZ). Les aires protégées comprennent les parcs nationaux, provinciaux et territoriaux, les aires protégées autochtones, les réserves nationales de faune, les refuges d'oiseaux migrateurs et les aires marines protégées » -- Page 5.
650 6|aAires protégées|zCanada|vStatistiques.
650 6|aIndicateurs écologiques|zCanada.
655 7|aStatistiques|2rvmgf
7101 |aCanada. |bEnvironnement et changement climatique Canada, |eorganisme de publication.
77508|tCanadian environmental sustainability indicators : |w(CaOODSP)9.940107
794 |tIndicateurs canadiens de durabilité de l'environnement : |w(CaOODSP)9.953156
795 |tIndicateurs canadiens de durabilité de l'environnement : |b2023|w(CaOODSP)9.922753
85640|qPDF|s1.63 Mo|uhttps://publications.gc.ca/collections/collection_2024/eccc/En4-144-11-2024-fra.pdf
8564 |qHTML|sS.O.|uhttps://www.canada.ca/fr/environnement-changement-climatique/services/indicateurs-environnementaux/aires-conservees.html
986 |aEC24019